000 00467nam a2200181Ia 4500
008 240925s9999 xx 000 0 und d
020 _a9789339221188
082 _a339 DOR
100 _aDornbusch, Rudiger ; Fischer, Stanley
245 0 _aMacroeconomics
250 _a11th
260 _aNew York:
_bMcGraw-Hill
_c,2011.
300 _a310p.
_bNA
_fOriginal
500 _aIncludes Index
600 _aSocial Sciences
650 _aSocial Sciences
942 _cBK
999 _c14898
_d14898